000 00552nam a2200193Ia 4500
005 20260120131937.0
008 008 260114s9999 xx 000 0 eng d
020 _a9780197728864
037 _aEBOOK
040 _aCRL
_beng
_cCRL
041 _aeng
_2eng
084 _qCRL
100 _aTimms
_9933074
245 0 _aPolymath of the Baroque: Agostino Steffani and His Music
260 _bOxford University PressOxford University Press
_c2023
856 _uhttps://academic.oup.com/book/49329
942 _cEBOOK
999 _c1524997
_d1524997